Kabale University Library Catalogue

Medical care in developing countries / (Record no. 5762)

MARC details
000 -LEADER
fixed length control field 00638cam a2200193 4500
003 - CONTROL NUMBER IDENTIFIER
control field OSt
005 - DATE AND TIME OF LATEST TRANSACTION
control field 20250801115456.0
008 - FIXED-LENGTH DATA ELEMENTS--GENERAL INFORMATION
fixed length control field 740401s1972 enka b f000 0 eng
040 ## - CATALOGING SOURCE
Original cataloging agency KABLIB
Transcribing agency KABLIB
Language of cataloging eng
Description conventions rda
082 00 - DEWEY DECIMAL CLASSIFICATION NUMBER
Classification number 614.09
Edition number 23
Item number MED
110 1# - MAIN ENTRY--CORPORATE NAME
Corporate name or jurisdiction name as entry element Great Britain.
Subordinate unit Office of Health Economics.
9 (RLIN) 14590
245 10 - TITLE STATEMENT
Title Medical care in developing countries /
Statement of responsibility, etc. Maurice King
260 ## - PUBLICATION, DISTRIBUTION, ETC.
Place of publication, distribution, etc. Nairobi :
Name of publisher, distributor, etc. Oxford University Press,
Date of publication, distribution, etc. c1966.
300 ## - PHYSICAL DESCRIPTION
Extent various pagings. ;
Other physical details ill. ;
Dimensions 22 cm.
500 ## - GENERAL NOTE
General note Includes bibliography, index.
650 #0 - SUBJECT ADDED ENTRY--TOPICAL TERM
Topical term or geographic name entry element Medical care
Geographic subdivision Developing countries.
9 (RLIN) 14591
700 ## - ADDED ENTRY--PERSONAL NAME
Personal name King, Maurice
9 (RLIN) 4214
942 ## - ADDED ENTRY ELEMENTS (KOHA)
Source of classification or shelving scheme Dewey Decimal Classification
Koha item type Book
Holdings
Withdrawn status Lost status Source of classification or shelving scheme Damaged status Not for loan Home library Current library Shelving location Date acquired Total Checkouts Full call number Barcode Date last seen Price effective from Koha item type
    Dewey Decimal Classification     Education Library Education Library Open Access Section 01.08.2025   614.09 MED 13944 01.08.2025 01.08.2025 Book

Kabale University Library | Kabale University P.O Box 317, Kabale, Uganda
Tel : +256754017033, +256774661503 E-mail : library@kab.ac.ug